|
|
|
|
| LEADER |
00992nam a2200301 4500 |
| 001 |
000013804 |
| 003 |
10148 |
| 005 |
20120323080355.0 |
| 008 |
120323s1994 viesd |
| 041 |
0 |
|
|a vie
|
| 082 |
|
|
|a 959.7029
|b MIN
|
| 110 |
|
|
|a Quốc sử quán triều Nguyễn
|
| 245 |
1 |
0 |
|a Minh mệnh chính yếu
|n T.2
|p Quyển 8 - quyển 17
|
| 260 |
|
|
|a Huế
|b Thuận Hóa
|c 1994
|
| 300 |
|
|
|a 475 tr.
|c 21 cm
|
| 653 |
|
|
|a Minh mệnh chính yếu
|
| 773 |
|
|
|t Minh mệnh chính yếu
|w 10146
|
| 910 |
|
|
|a duyên
|
| OWN |
|
|
|a LSP
|
| AVA |
|
|
|a UDN50
|b LSP
|d 959.7029 MIN
|e available
|t Error 5001 Not defined in file expand_doc_bib_avail.
|f 1
|g 0
|h N
|i 0
|k 1
|
| 999 |
|
|
|a From the UDN01
|
| AVA |
|
|
|a UDN50
|b LSP
|d 959.7029 MIN
|e available
|t Error 5001 Not defined in file expand_doc_bib_avail.
|f 1
|g 0
|h N
|i 0
|k 1
|
| TYP |
|
|
|a Monograph
|
| TYP |
|
|
|a Printed language
|
| 980 |
|
|
|a Mạng thư viện Đại học Đà Nẵng
|